| 000 | 00600nam a22001697a 4500 | ||
|---|---|---|---|
| 999 |
_c18176 _d18176 |
||
| 008 | 200127b xxu||||| |||| 00| 0 eng d | ||
| 020 | _a0367383527 | ||
| 040 |
_aKABU _cKABU |
||
| 050 |
_aTK5105.77 _b.S43 2011 c. 1 |
||
| 245 |
_aSecurity of self-organizing networks _bMANET, WSN, WMN, VANET _cedited by Al-Sakib Khan Pathan |
||
| 260 |
_aBoca Raton _bCRC Press _c2011 |
||
| 300 | _axviii, 620 p. | ||
| 650 |
_aAd hoc networks (Computer networks) _xSecurity measures |
||
| 650 |
_aSelf-organizing systems _xSecurity measures |
||
| 700 | _aPathan, Al-Sakib Khan | ||
| 942 |
_2lcc _cBK _hTK5105.77 |
||